Príprava glycerol karbonátu z bioglycerolu

Enregistré dans:
Détails bibliographiques
Auteur principal: Podobová, Mária
Format: Logiciel Livre
Langue:slovaque
Publié: Bratislava STU FCHPT 2012
Accès en ligne:Voir à l'OPAC
Tags: Ajouter un tag
Pas de tags, Soyez le premier à ajouter un tag!

MARC

LEADER 00000nam a2200000 a 4500
005 20260127134104.0
007 co ugu
008 120920 2012 xo 000 0 slo d
035 |a vtls010451874 
039 9 |y 201209201204  |z mschk03 
040 |a STUSCHK1  |b slo  |c STUSCHK1  |e AACR2 
100 1 |a Podobová, Mária 
245 1 |a Príprava glycerol karbonátu z bioglycerolu  |c Mária Podobová 
260 |a Bratislava  |b STU FCHPT  |c 2012 
300 |a 1 elektronický disk 
500 |a Obháj.: 9.7. 2012 
500 |a Študijný program: chémia a medicínska chémia 
500 |a Kombinácia študijných odborov : 4.1.14 chémia, 5.2.18 chemické technológie 
500 |a Bakalárska práca na CD-ROMe 
500 |a FCHPT, Oddelenie organickej technológie 
500 |a Evidenčné číslo: 5427-68585 
910 |a SCHK95 
999 |c 3790  |d 3790